English for pharmacists III

Bibliographic Details
Main Authors: Hollá, Oľga, 1952- (Author), Jurišová, Erika, 1976- (Author), Kližanová, Darina, 1961- (Author), Žufková, Viera, 1983- (Author)
Format: Book
Language:English
Slovak
PhysicalDescription:78 strán fotografie, ilustrácie 29 cm
Published: Bratislava Comenius University in Bratislava 2019
ISBN:9788022347877
Edition:Prvé vydanie
Subjects:

MARC

LEADER 00000cam a2200000 4500
001 vtls011918384
003 SK-MaSNL
005 20260426003633.0
008 210624s2019 xo oa f np 000 0 eng
015 |a SNBA2020/08 
020 |a 9788022347877  |q (brožované) 
035 |a urn:nbn:sk:snk-am00engl 
035 |a urn:nbn:sk:snk-am3ikpd 
035 |a 86EB221F-3B62-45F4-B069-AC60208D9B9A 
040 |a SNK  |b slo  |c SNK  |e AACR2 
041 0 |a eng  |a slo 
044 |a xo  |c SK 
072 7 |a 811.111  |x Angličtina  |2 konspekt 
080 |a 811.111  |2 2011 
080 |a 81'373.46  |2 2011 
080 |a (075.8)  |2 2011 
080 |a 615.1  |2 2011 
100 1 |a Hollá, Oľga,  |d 1952-  |4 aut  |9 200280 
245 1 0 |a English for pharmacists III  |c Oľga Hollá, Erika Jurišová, Darina Kližanová, Viera Žufková 
250 |a Prvé vydanie 
264 1 |a Bratislava  |b Comenius University in Bratislava  |c 2019 
300 |a 78 strán  |b fotografie, ilustrácie  |c 29 cm 
336 |a text  |b txt  |2 rdacontent 
337 |a bez média  |b n  |2 rdamedia 
338 |a zväzok  |b nc  |2 rdacarrier 
366 |e 250 kusov 
500 |a Súbežný úvod v slovenčine 
504 |a Bibliografia na strane 65 
650 0 7 |a angličtina  |2 SNKPH  |9 1260 
650 0 7 |a farmácia  |2 SNKPH  |9 2467 
650 0 7 |a Pharmacy  |2 SNKPHeng  |9 265418 
650 0 7 |a odborná terminológia  |2 SNKPH  |9 3616 
650 0 7 |a English language  |2 SNKPHeng  |9 279139 
650 0 7 |a Terminology (professional)  |2 SNKPHeng  |9 90966 
655 7 |a učebnice vysokých škôl  |2 SNKPH  |9 70191 
655 7 |a Textbooks (higher)  |2 SNKPHeng  |9 276436 
700 1 |a Jurišová, Erika,  |d 1976-  |4 aut  |9 200284 
700 1 |a Kližanová, Darina,  |d 1961-  |4 aut  |9 200282 
700 1 |a Žufková, Viera,  |d 1983-  |4 aut  |9 200283 
919 |a 978-80-223-4787-7 
958 |a MI 
958 |a NB 
999 |c 950669  |d 952599 
952 |a SNK  |b SNK  |y PREZ  |7 0  |p 17A1429776  |o snkSB 95785  |i snk2020/14440  |8 0  |0 0  |1 0  |4 0  |d 2020-08-17  |f 1  |l 0  |r 2025-05-19 00:00:00  |w 2026-02-24 
952 |a SNK  |b SNK  |y VYP  |7 0  |p 17A1429777  |o snkSB 95785 D1  |i snk2020/14441  |8 0  |0 0  |1 0  |4 0  |d 2020-08-17  |l 0  |r 2026-02-24 09:47:12  |w 2026-02-24